000 01734nam0a22003131 4500
001 v19\rc\2024418
005 20251118181451.4
035 _a(NLR Aleph) 005104396
090 _a7426458
_c7426458
100 _a20080925d19161916|||y0rusy50 ca
101 0 _arus
102 _aRU
105 _aa z |||||
200 1 _aОбзор деятельности Гинекологического отделения Саратовской Александровской губернской земской больницы по амбулатории и стационарному отделению с разработкой материала по вопросу об оперативном лечении воспалительных заболеваний труб и яичников
_fД-р мед. С.И. Кузьмин, прив.-доц. Имп. Николаев. ун-та
210 _aСаратов
_cтип. Союза печ. дела
_d1916
215 _a[2], 127 с., 5 л. ил.
_d27
311 _aОтт. "Изв. Имп. Николаев. ун-та". Т. 7, вып. 1
488 0 _12001#$aИзвестия Императорского Николаевского университета$vТ. 7, вып. 1
700 1 _aКузьмин
_bС. И.
_f1869-1925
_gСергей Иванович
712 0 2 _aСаратовская Александровская губ. земская больница
_bГинекологическое отделение
_3RU\NLR\AUTH\889958773
801 0 _aRU
_bNLR
_gpsbo
801 0 _aRU
_bRuMoRGB
_2psbo
801 1 _aRU
_bProSoft-M
_2rusmarc
852 _aNLR
_bЗем
_j36/132
899 _aRuMoRGB
_jV 48/68
899 _aRuMoRGB
_jЯ 56/142
899 _aБАН
942 _cBOOK
980 _aNB